Lettere di San Paolo - 2 (Record n. 102932)

Dettagli MARC
000 -LEADER
fixed length control field 01186njm a2200289Ia 4500
001 - CONTROL NUMBER
control field H5992
003 - CONTROL NUMBER IDENTIFIER
control field IT-RoPAU
005 - DATE AND TIME OF LATEST TRANSACTION
control field 20220918181200.0
008 - FIXED-LENGTH DATA ELEMENTS--GENERAL INFORMATION
fixed length control field 131025s9999 xx 000 0 und d
040 ## - CATALOGING SOURCE
Original cataloging agency IT-RoPAU
040 ## - CATALOGING SOURCE
Transcribing agency IT-RoPAU
041 ## - LANGUAGE CODE
Language code of text/sound track or separate title ITALIANO
999 ## - SYSTEM CONTROL NUMBERS (KOHA)
Koha Dewey Subclass [OBSOLETE] n.d.
100 ## - MAIN ENTRY--PERSONAL NAME
Personal name Corelli Arcangelo
9 (RLIN) 8874
100 ## - MAIN ENTRY--PERSONAL NAME
Relator term Autore musica
9 (RLIN) 14319
100 ## - MAIN ENTRY--PERSONAL NAME
Miscellaneous information Codice autore musica SPICS: 7993
9 (RLIN) 8876
245 ## - TITLE STATEMENT
Title Lettere di San Paolo - 2
250 ## - EDITION STATEMENT
Edition statement 1a ed.
260 ## - PUBLICATION, DISTRIBUTION, ETC. (IMPRINT)
Place of publication, distribution, etc. MILANO
260 ## - PUBLICATION, DISTRIBUTION, ETC. (IMPRINT)
Name of publisher, distributor, etc. MULTIMEDIA SAN PAOLO
Date of publication, distribution, etc. 2005 [1a Ed.:2005 - Ed. Lingua Orig.: 2005]
300 ## - PHYSICAL DESCRIPTION
Extent COMPACT DISC
500 ## - GENERAL NOTE
General note Parlato. Religioso. lettura dei testi tratti dalla Bibbia, Nuovissima versione dai testi originali (Edizioni San Paolo).
505 ## - FORMATTED CONTENTS NOTE
Formatted contents note 1 (4) Cd: Lettera agli Efesini; Lettera ai Filippesi; Lettera ai Colossesi - 2 (5) Cd: Prima lettera ai Tessalonicesi; Seconda lettera ai Tessalonicesi; Prima lettera a Timoteo; Seconda lettera a Timoteo; Lettera a Tito; Lettera a Filemone - 3 (6) Cd: Lettera agli Ebrei.
511 ## - PARTICIPANT OR PERFORMER NOTE
Participant or performer note Voce recitante: Riccardo Cucciolla
650 ## - SUBJECT ADDED ENTRY--TOPICAL TERM
Topical term or geographic name as entry element PARLATO/RELIGIO [COMPACT DISC]
Relator term Codice MATERIA SPICS: 9949
9 (RLIN) 14320
942 ## - ADDED ENTRY ELEMENTS (KOHA)
Koha item type CD AUDIO
Source of classification or shelving scheme Dewey Decimal Classification
Dati di copia
Withdrawn status Lost status Damaged status Not for loan Home library Current library Date acquired Total Checkouts Full call number Date last seen Price effective from Koha item type Public note
    Buone Condizioni Not For Loan SPICS-MEDIATECA SPICS-MEDIATECA 25/10/2013   H5992 25/10/2013 25/10/2013 CD AUDIO Progr. Ins.: 23100 / N.Vol.: 3 / Copie: 1 - Copia rara: n.d. / date import: 01.01.2014 - By Epidotti, Trombetti, Vaglietti
CREDITS: SOCIETA' SAN PAOLO Via A.Severo, 58 - ROMA (RM) & PERIODICI SAN PAOLO SRL Via Giotto, 36 MILANO & CISF Via Giotto, 36 MILANO & EDIZIONI SAN PAOLO SRL,  Piazza Soncino, 5 CINISELLO BALSAMO (MI) -- ITALY